000 00856cam a2200253 i 4500
001 20925291
003 OSt
005 20260211121327.0
008 190410s2019 caua 001 0 eng
020 _a9780135298886 (Paperback)
040 _aDLC
_beng
_erda
_cDLC
_dNUST
050 0 0 _aTR897.72 CHU
100 1 _aChun, Russell
_eAuthor
245 1 0 _aAdobe Animate CC classroom in a book :
_bthe official training workbook from Adobe /
_cRussell Chun.
260 _aSan Jose, California :
_bAdobe Press,
_c©2019.
300 _axvii, 445 pages :
_bIllustrations ;
_c23 cm.
336 _atext
_btxt
_2rdacontent
337 _aunmediated
_bn
_2rdamedia
338 _avolume
_bnc
_2rdacarrier
504 _aIncludes index.
650 0 _aComputer animation.
650 0 _aDigital cinematography.
942 _2lcc
_cBOOKS
_hTR897.72 CHU
_kTR
_mCHU
_n0
999 _c172645
_d172645